Corporate Governance & ESG Principles

Základné teoretické princípy CG a ESG: Popis princípov Corporate Governance, popis princípov ESG. Parametre ESG. ESG kritériá. Význam ESG, stratégia ESG, ESG & EÚ, rozdiel medzi ESG a CSR, vzťahy medzi ESG a 17 cieľmi trvalo udržateľného rozvoja OSN, iné alternatívne formy etického podnikania v CG.

Gespeichert in:
Bibliographische Detailangaben
1. Verfasser: Dubcová, Gabriela, 1968-
Weitere Verfasser: Tarišková, Natália, 1973-, Jančíková, Eva, 1960-
Format: Buchkapitel
Sprache:Englisch
Schlagworte:
Tags: Tag hinzufügen
Keine Tags, Fügen Sie das erste Tag hinzu!

MARC

LEADER 00000naa$a2200000$$$4500
001 0290238
005 20241031103503.0
041 0 |a eng 
044 |a CZ 
245 1 0 |a Corporate Governance & ESG Principles  |c Gabriela Dubcová, Natália Tarišková, Eva Jančíková 
520 |a Základné teoretické princípy CG a ESG: Popis princípov Corporate Governance, popis princípov ESG. Parametre ESG. ESG kritériá. Význam ESG, stratégia ESG, ESG & EÚ, rozdiel medzi ESG a CSR, vzťahy medzi ESG a 17 cieľmi trvalo udržateľného rozvoja OSN, iné alternatívne formy etického podnikania v CG. 
610 2 0 |a rozvoj trvalo udržateľný 
610 2 0 |a riadenie 
610 2 0 |a spoločnosti 
610 2 0 |a ESG 
100 1 |a Dubcová, Gabriela, 1968- 
700 1 |a Tarišková, Natália, 1973- 
700 1 |a Jančíková, Eva, 1960-